000 00388nam a2200169Ia 4500
008 230524s9999 xx 000 0 und d
020 _a0100114030
082 _a4.162
_bJIN
100 _aRajni Jindal
245 0 _aData Structure Using C
250 _a5
260 _aNEW DELHI
_bUmesh
_c2005
300 _aXII;348
500 _aQuantity Number: 8
650 _aComp-Sc
942 _cBK
999 _c6814
_d6814